Famous "Sons" - Statistics

General Stats
  • This quiz has been taken 9,365 times
    9,338 since last reset
  • The average score is 12 of 20
Answer Stats
Hint Son % Correct
He bit Evander Holyfield's ear Mike Tyson
78%
American inventor who held 1,093 patents Thomas Edison
78%
Purchased Louisiana Thomas Jefferson
76%
Hermione Granger Emma Watson
75%
Mr. Bean Rowan Atkinson
73%
His murderous cult killed Sharon Tate in 1969 Charles Manson
71%
Admiral who won the Battle of Trafalgar Horatio Nelson
71%
Won his first Oscar for his role in "One Flew Over the Cuckoo's Nest" Jack Nicholson
66%
She starred in "Lost in Translation" and "The Avengers" Scarlett Johansson
64%
L.A. Lakers point guard 1979-1991 Magic Johnson
63%
He created the Muppets Jim Henson
60%
4th U.S. President James Madison
58%
The first known European in North America Leif Erikson
54%
Rocker known as "The Lizard King" with a much-visited gravesite in Paris Jim Morrison
47%
DJ who recorded "Uptown Funk" Mark Ronson
45%
Manager of Manchester United 1986–2013 Alex Ferguson
42%
Controversial "Top Gear" co-presenter Jeremy Clarkson
42%
He founded a guitar company that bears his name today Orville Gibson
41%
This Massachusetts poet became well-known only after her death in 1886 Emily Dickinson
31%
English engineer known as the "Father of Railways" George Stephenson
21%
No matching quizzes found
Score Distribution
Percent of People with Each Score
Percentile by Number Answered
Your Score History
You have not taken this quiz since the last reset